000 00342nam a2200145Ia 4500
005 20251222151312.0
008 251222s9999||||xx |||||||||||||| ||spa||
020 _a847487064x
082 _a642.509.85/D35
100 _aDe Juana Satien, Manuel
245 0 _aEl Restaurante
250 _a1ra.ed.
264 _bEdiciones Norma
942 _cLIB
999 _c23391
_d23391